| 000 | 00663nam a2200169 a 4500 | ||
|---|---|---|---|
| 008 | 120416s1973 ||||||||||||||||| || u | ||
| 020 | _a0818500530 | ||
| 050 | _aQA 371 Hun | ||
| 100 | _aHunt, Robert W | ||
| 245 | 1 | 0 | _aDifferential equations and related topics for science and engineering |
| 260 |
_aMonterey (California) _bBrooks/Cole _c1973 |
||
| 300 | _ax, 286p | ||
| 350 | _a0.00 | ||
| 650 | 0 | _aMATHEMATICS--HANDBOOKS, MANUALS, ETC | |
| 650 | _aDIFFERENTIAL EQUATIONS--PROBLEMS, EXERCISES, ETC. | ||
| 995 |
_D0.00 _FCBU-MAIN LIBRARY (Kitwe) _H1 _I6.95 _M1 _UAVAILABLE _ZMain Library Open Access Collection |
||
| 999 |
_c40123 _d40123 |
||